000 01632cam a2200181 4500500
005 20251228095026.0
041 _afre
042 _adc
100 1 0 _aBouit, Delphine
_eauthor
245 0 0 _aLe secret au cœur de l’attente de Dieu
260 _c2016.
500 _a17
520 _aUn dictionnaire des femmes mystiques est récemment paru. La mystique est encore actuelle ; en chaque siècle, des femmes de différentes cultures sont en attente de Dieu, hors des voies institutionnalisées. Les analyses de Simone Weil suffisent-elles pour circonscrire la nature de cette attente ? Nous allons découvrir qu’au sein de l’attente mystique réside un secret.
520 _aA dictionary of mystical women has recently come out. They can still be found nowadays : in each century, women from different cultures have expected God to come, waiting for Him outside institutionalised paths. Do Simone Weil’s analyses circumscribe the nature of this expectation? We will see that a secret lies at the heart of this mystical expectation.
520 _aFoi recentemente publicado um dicionário das mulheres místicas. O tema permanece assim actual, já que em todos os séculos emergem, fora dos caminhos institucionalizados, mulheres oriundas de diferentes culturas à espera de Deus. Serão as análises de Simone Weil suficientes para explicar a natureza desta espera ou iremos nós descobrir que, no seio da espera mística, habita sempre o segredo?
786 0 _nSigila | 37 | 1 | 2016-03-01 | p. 103-115 | 1286-1715
856 4 1 _uhttps://shs.cairn.info/revue-sigila-2016-1-page-103?lang=fr&redirect-ssocas=7080
999 _c1605353
_d1605353